Notes et textes sur l'avicennisme latin aux confins des XII§-XIII§ siècles

সংরক্ষণ করুন:
গ্রন্থ-পঞ্জীর বিবরন
প্রধান লেখক: Vaux, R. de (Author)
বিন্যাস: গ্রন্থ
ভাষা:ফরাসি
লাতিন
প্রকাশিত: París J. Vrin 1934
মালা:Bibliothèque Thomiste, 20. Section historique: XVII
বিষয়গুলি:
ট্যাগগুলো: ট্যাগ যুক্ত করুন
কোনো ট্যাগ নেই, প্রথমজন হিসাবে ট্যাগ করুন!

MARC

LEADER 00000nam a2200000 a 4500
001 UCZ5181
003 CL-VaPUC
008 951117e19340000FR |||||||||||||||||fre|d
041 0 7 |a fre  |2 CL-VaPUC 
041 0 7 |a lat  |2 CL-VaPUC 
082 0 4 |a 181.9  |b VAU  |2 21 
100 0 |a Vaux, R. de  |e author  |9 349138 
245 1 0 |a Notes et textes sur l'avicennisme latin aux confins des XII§-XIII§ siècles 
300 |a 183 p 
942 |c BK 
945 |d 19951117 00:00:00  |a cmena 
260 |a París  |b J. Vrin  |c 1934 
650 7 |a FILOSOFIA ARABE  |2 CL-VaPUC  |9 307956 
650 0 |a Escuelas filosóficas   |9 266232 
650 0 |a Filosofía medieval  |9 256245 
583 |a last modification  |c 19951117 00:00:00  |k Rodrigo Vera 
490 0 |a Bibliothèque Thomiste, 20. Section historique: XVII 
999 |c 241503  |d 241501 
952 |0 0  |1 0  |4 0  |6 181_900000000000000_VAU_1934  |7 0  |8 P  |9 253838  |a BIBEDU  |b BIBEDU  |c BIBEDU_PB  |d 2019-11-19  |i 1572482  |o 181.9 VAU 1934  |p 1572482  |r 2024-01-25  |w 2019-11-19  |y BK  |k FIL